| 000 | 00489cam a22002051 4500 | ||
|---|---|---|---|
| 001 | sa 68007869 | ||
| 003 | DLC | ||
| 005 | 20260227112526.0 | ||
| 008 | 881028s1965 xx 000 0 beno | ||
| 010 | _asa 68007869 | ||
| 035 | _a(OCoLC)23542031 | ||
| 040 |
_aDLC _cMiU _dDLC |
||
| 042 | _apremarc | ||
| 050 | 0 | 0 |
_aPK1718.C423 _bS17 |
| 100 | 1 |
_aChatterjee, Hari Narayan, _d1916- |
|
| 245 | 1 | 0 | _aĹšahare-bandare. |
| 260 | _c[1965] | ||
| 300 |
_a164 p. _c22 cm. |
||
| 500 | _aRomanized. | ||
| 999 |
_c82069 _d82069 |
||